[Event "tourney for new players"]
[Site "SchemingMind.com"]
[Date "2005.11.21"]
[Round "-"]
[White "gz4bkn"]
[Black "griffimv"]
[Result "0-1"]
[WhiteCountry "USA"]
[BlackCountry "INT"]
[WhiteElo "1385"]
[WhiteRD "145"]
[BlackElo "1863"]
[BlackRD "169"]
[GameID "30824"]

1. e4 c5 2. Nf3 d6 3. c3 Nf6 4. d3 Nc6 5. Nbd2 e6 6. d4 cxd4 7. cxd4 Qa5 8. Bd3 Nb4 9. Qb3 Bd7 10. Nc4 Nxd3+
11. Ke2 Nxc1+ 12. Raxc1 Qa6 13. Nd2 d5
0-1

[Event "tourney for new players"]
[Site "SchemingMind.com"]
[Date "2005.11.20"]
[Round "-"]
[White "griffimv"]
[Black "gz4bkn"]
[Result "1-0"]
[WhiteCountry "INT"]
[BlackCountry "USA"]
[WhiteElo "1863"]
[WhiteRD "169"]
[BlackElo "1385"]
[BlackRD "145"]
[GameID "30825"]

1. e4 e5 2. Nf3 Nc6 3. Bb5 a6 4. Ba4 Bc5 5. c3 Nf6 6. O-O d6 7. d4 Ba7 8. dxe5 Nxe4 9. Qd5 Nc5 10. Bxc6+ bxc6
11. Qxc6+ Bd7 12. Qd5 h6 13. exd6 Be6 14. Qc6+ Bd7 15. Re1+ Kf8 16. Qxc7 Qxc7 17. dxc7 f6 18. Rd1 Rc8 19. b4 Rxc7 20. bxc5 Bxc5
21. Bf4 Rb7 22. Bd6+ Kf7 23. Bxc5 Re8 24. Na3 Rc7 25. Bb4 Be6 26. Nd4 Bd5 27. Nf5 Re5 28. Nd6+ Kg6 29. Rd4 Bxa2 30. f4 Re2
31. Kf1 Rb2 32. Ndc4 Bb3 33. Nxb2
1-0

[Event "tourney for new players"]
[Site "SchemingMind.com"]
[Date "2005.11.20"]
[Round "-"]
[White "York"]
[Black "griffimv"]
[Result "0-1"]
[WhiteCountry "USA"]
[BlackCountry "INT"]
[WhiteElo "1019"]
[WhiteRD "125"]
[BlackElo "1949"]
[BlackRD "117"]
[GameID "30888"]

1. d4 Nf6 2. Nf3 g6 3. e3 Bg7 4. Nbd2 d5 5. c3 O-O 6. Bd3 c5 7. O-O Nbd7 8. Re1 Qc7 9. e4 dxe4 10. Nxe4 Nxe4
11. Bxe4 Nf6 12. Bc2 Rd8
0-1

[Event "tourney for new players"]
[Site "SchemingMind.com"]
[Date "2005.11.20"]
[Round "-"]
[White "York"]
[Black "gz4bkn"]
[Result "0-1"]
[WhiteCountry "USA"]
[BlackCountry "USA"]
[WhiteElo "1021"]
[WhiteRD "122"]
[BlackElo "1385"]
[BlackRD "145"]
[GameID "30889"]

1. d4 e6 2. Nf3 d5 3. e3 Nf6 4. Bd3 Bd6 5. O-O c5 6. c3 c4 7. Bc2 Qc7 8. h3 Nc6 9. Nbd2 O-O 10. Re1 e5
11. e4 dxe4 12. Nxe4 Nxe4
0-1

[Event "tourney for new players"]
[Site "SchemingMind.com"]
[Date "2005.11.20"]
[Round "-"]
[White "griffimv"]
[Black "York"]
[Result "1-0"]
[WhiteCountry "INT"]
[BlackCountry "USA"]
[WhiteElo "1949"]
[WhiteRD "117"]
[BlackElo "1019"]
[BlackRD "125"]
[GameID "30890"]

1. e4 e6 2. d4 d5 3. Nd2 Nf6 4. e5 Nfd7 5. c3 c5 6. Bd3 Qb6 7. Ne2 Nc6 8. Nf3 f6 9. exf6 Nxf6 10. O-O Be7
11. dxc5
1-0

[Event "tourney for new players"]
[Site "SchemingMind.com"]
[Date "2005.11.21"]
[Round "-"]
[White "gz4bkn"]
[Black "York"]
[Result "1-0"]
[WhiteCountry "USA"]
[BlackCountry "USA"]
[WhiteElo "1385"]
[WhiteRD "145"]
[BlackElo "1021"]
[BlackRD "122"]
[GameID "30891"]

1. e4 e6 2. Nf3 d5 3. d3 Nf6 4. e5 Nfd7 5. d4 c5 6. c3 Nc6 7. Bg5 Qb6 8. Qc2 cxd4 9. cxd4 Nxd4 10. Nxd4 Qxd4
11. Qc3 Qxe5+ 12. Qxe5
1-0

[Event "tourney for new players"]
[Site "SchemingMind.com"]
[Date "2005.11.23"]
[Round "-"]
[White "Mekk"]
[Black "griffimv"]
[Result "0-1"]
[WhiteCountry "POL"]
[BlackCountry "INT"]
[WhiteElo "1818"]
[WhiteRD "120"]
[BlackElo "1863"]
[BlackRD "169"]
[GameID "31149"]

1. e4 c5 2. Nf3 d6 3. d4 Nf6 4. dxc5 Qa5+ 5. Bd2 Qxc5 6. Nc3 a6 7. Bd3 e6 8. O-O Be7 9. Be3 Qc7 10. Na4 Nbd7
11. c4 O-O 12. Rc1 b6 13. b4 Bb7 14. Bb1 Nxe4 15. Qd3 Nef6 16. Bg5 Rfc8 17. Rfd1 h6 18. Be3 Bxf3 19. gxf3 Ne5 20. Qe2 Qc6
21. Nxb6 Nxf3+ 22. Kf1 Nxh2+ 23. Kg1 Nf3+ 24. Kf1 Nd4 25. Nd5 Nxd5 26. Bxd4 Nc3 27. Qh5 Nxd1 28. Qxd1 Qh1+ 29. Ke2 Qxd1+ 30. Kxd1 Bg5
31. Rc3 Rab8 32. a3 a5 33. Bd3 axb4
0-1

[Event "tourney for new players"]
[Site "SchemingMind.com"]
[Date "2005.11.23"]
[Round "-"]
[White "Mekk"]
[Black "gz4bkn"]
[Result "1-0"]
[WhiteCountry "POL"]
[BlackCountry "USA"]
[WhiteElo "1623"]
[WhiteRD "260"]
[BlackElo "1088"]
[BlackRD "190"]
[GameID "31150"]

1. e4 e5 2. d4 Nf6 3. Nc3 d6 4. dxe5 dxe5 5. Qxd8+ Kxd8 6. Bc4 Be6 7. Bxe6 fxe6 8. Nf3 Nc6 9. Bg5 Bd6 10. O-O-O Ke7
11. Rd2 h6 12. Bh4 Bb4 13. Rd3 g5 14. Bg3 Bxc3 15. bxc3 Nxe4 16. Nxe5 Nxg3 17. Nxc6+ bxc6 18. Rxg3 Rab8 19. Re1 Rb6 20. Rge3 c5
21. Re5 c4 22. Rc5 Rf8 23. Re2 c6 24. Rxc4 Rfb8 25. Ra4 R8b7 26. Rae4 c5 27. Re5 Rb2 28. Rxe6+ Kf7 29. Rxh6 Rb1+ 30. Kd2 Rh1
31. Rh7+ Kg6 32. Rxb7 Rxh2 33. g3 Kf5 34. Rxa7 Kg4 35. a4 Kf3 36. Rf7+ Kg2 37. f4+ Kxg3 38. Rxh2 Kxh2 39. fxg5 c4 40. g6 Kg3
41. g7 Kg4 42. g8=Q+ Kh5 43. Rh7#
1-0

[Event "tourney for new players"]
[Site "SchemingMind.com"]
[Date "2005.11.23"]
[Round "-"]
[White "Mekk"]
[Black "York"]
[Result "1-0"]
[WhiteCountry "POL"]
[BlackCountry "USA"]
[WhiteElo "1818"]
[WhiteRD "120"]
[BlackElo "1021"]
[BlackRD "122"]
[GameID "31151"]

1. e4 e6 2. d3 d5 3. Nd2 Nf6 4. Ngf3 c5 5. g3 b5 6. Bg2 Bb7 7. O-O Be7 8. e5 Nfd7 9. Re1 a5 10. a4 b4
11. b3 Nc6 12. Nf1 Qc7 13. Bf4 Rd8 14. h4 Ba6 15. Ne3 d4 16. Nf1 Nb6 17. N3d2 Nd5 18. Bxd5
1-0

[Event "tourney for new players"]
[Site "SchemingMind.com"]
[Date "2005.11.23"]
[Round "-"]
[White "griffimv"]
[Black "Mekk"]
[Result "1-0"]
[WhiteCountry "INT"]
[BlackCountry "POL"]
[WhiteElo "1863"]
[WhiteRD "169"]
[BlackElo "1818"]
[BlackRD "120"]
[GameID "31152"]

1. e4 c5 2. Nf3 Nc6 3. Bb5 Nd4 4. Nxd4 cxd4 5. O-O a6 6. Ba4 b5 7. Bb3 d6 8. a4 Bb7 9. axb5 axb5 10. Rxa8 Qxa8
11. Qh5 Nh6 12. d3 g6 13. Qxb5+ Bc6 14. Qc4 f5 15. Qxd4 e5 16. Qc4 Qb7 17. Qe6+ Qe7 18. Qc8+
1-0

[Event "tourney for new players"]
[Site "SchemingMind.com"]
[Date "2005.11.23"]
[Round "-"]
[White "gz4bkn"]
[Black "Mekk"]
[Result "0-1"]
[WhiteCountry "USA"]
[BlackCountry "POL"]
[WhiteElo "1088"]
[WhiteRD "190"]
[BlackElo "1623"]
[BlackRD "260"]
[GameID "31153"]

1. e4 c5 2. Nf3 Nc6 3. Bb5 Nd4 4. Nxd4 cxd4 5. d3 a6 6. Bc4 b5 7. Bb3 d6 8. a4 Bd7 9. axb5 axb5 10. Rxa8 Qxa8
11. Na3 e5 12. Qf3 Nf6 13. Bg5 Be7 14. O-O O-O 15. Ra1 Qb7 16. Bxf6 Bxf6 17. Bd5 Qb6 18. c3 dxc3 19. bxc3 Rc8 20. c4 b4
21. Nb1 h6 22. Qd1 Bh4 23. g3 Be7 24. Qb3 Rf8 25. Nd2 Kh7 26. Rb1 Rb8 27. c5 dxc5 28. Nc4 Qf6 29. Ra1 Bh3 30. Na5 Qf3
31. Bxf7 Qg2#
0-1

[Event "tourney for new players"]
[Site "SchemingMind.com"]
[Date "2005.11.24"]
[Round "-"]
[White "York"]
[Black "Mekk"]
[Result "0-1"]
[WhiteCountry "USA"]
[BlackCountry "POL"]
[WhiteElo "1021"]
[WhiteRD "122"]
[BlackElo "1818"]
[BlackRD "120"]
[GameID "31154"]

1. d4 d5 2. Nf3 Nf6 3. e3 Bg4 4. c4 e6 5. Nbd2 Be7 6. b3 Ne4 7. Be2 Nc3 8. Qc2 Nxe2 9. Kxe2 c5 10. h3 Bh5
11. Re1 cxd4 12. exd4 dxc4 13. Qxc4 O-O 14. Kf1 Nc6 15. Ne5 Nxe5 16. dxe5 Rc8 17. Qe4 Rxc1
0-1

[Event "tourney for new players"]
[Site "SchemingMind.com"]
[Date "2005.11.26"]
[Round "-"]
[White "OuiMossieur"]
[Black "Mekk"]
[Result "0-1"]
[WhiteCountry "CAN"]
[BlackCountry "POL"]
[WhiteElo "968"]
[WhiteRD "186"]
[BlackElo "1818"]
[BlackRD "120"]
[GameID "31388"]

1. d4 Nf6 2. c4 g6 3. Nc3 d5 4. Bf4 Bg7 5. e3 c6 6. Rc1 O-O 7. Be2 dxc4 8. Bxc4 b5 9. Bd3 Nbd7 10. Nf3 a6
11. O-O c5 12. dxc5 Nxc5 13. Bb1 Bb7
0-1

[Event "tourney for new players"]
[Site "SchemingMind.com"]
[Date "2005.11.26"]
[Round "-"]
[White "Mekk"]
[Black "OuiMossieur"]
[Result "1-0"]
[WhiteCountry "POL"]
[BlackCountry "CAN"]
[WhiteElo "1818"]
[WhiteRD "120"]
[BlackElo "968"]
[BlackRD "186"]
[GameID "31392"]

1. e4 e5 2. Nf3 Nc6 3. Bb5 a6 4. Ba4 Nf6 5. d3 d6 6. Bg5 b5 7. Bb3 Na5 8. Nbd2 Nxb3 9. axb3 c5 10. O-O Be7
11. c3 O-O 12. h3 Qc7 13. Re1
1-0

[Event "tourney for new players"]
[Site "SchemingMind.com"]
[Date "2005.11.27"]
[Round "-"]
[White "sidra"]
[Black "griffimv"]
[Result "0-1"]
[WhiteCountry "HUN"]
[BlackCountry "INT"]
[WhiteElo "1573"]
[WhiteRD "149"]
[BlackElo "1949"]
[BlackRD "117"]
[GameID "31451"]

1. d4 Nf6 2. Nf3 g6 3. g3 Bg7 4. Bg2 O-O 5. O-O d6 6. c3 Nbd7 7. Re1 d5 8. b4 c6 9. a4 a5 10. bxa5 Qxa5
11. Ra3 Nb6 12. e3 Nc4 13. Ra2 Ne4 14. Qc2 Bf5 15. Qb3 b5 16. axb5 Qxa2 17. Qxa2 Rxa2 18. bxc6 Nxf2 19. Nbd2 Nd3 20. Nxc4 Nxe1
21. Nxe1 dxc4 22. c7 Ra1 23. e4 Bd7 24. Bf4 Rxe1+ 25. Bf1 Bh3 26. Kf2 Rxf1+ 27. Ke3 Ra8 28. Ke2 Ra2+ 29. Ke3 Bg4 30. c8=Q+ Bxc8
31. d5 Bg4 32. e5 Rd1 33. Bg5 Re2+ 34. Kf4 h5 35. Bxe7 Rf1+ 36. Kg5 Rxe5+ 37. Kh4 Rxe7
0-1

[Event "tourney for new players"]
[Site "SchemingMind.com"]
[Date "2005.11.27"]
[Round "-"]
[White "sidra"]
[Black "gz4bkn"]
[Result "1-0"]
[WhiteCountry "HUN"]
[BlackCountry "USA"]
[WhiteElo "1587"]
[WhiteRD "172"]
[BlackElo "1385"]
[BlackRD "145"]
[GameID "31452"]

1. d4 d5 2. Nf3 Nc6 3. g3 Bf5 4. c3 Nf6 5. Bg2 e6 6. O-O Be7 7. Nbd2 O-O 8. Re1 Ne4 9. Nxe4 Bxe4 10. b4 Bf6
11. a4 Bxf3 12. exf3 a6 13. a5 Na7 14. Qd3 Nb5 15. f4 Qd6 16. Bb2 c6 17. Rad1 Rfb8 18. Bf1 b6 19. axb6 a5 20. bxa5 Rxa5
21. Ra1 Rba8 22. Rxa5 Rxa5 23. Ra1 Rxa1 24. Bxa1 Qa3 25. Qb1 Bd8 26. b7 Qd6 27. Bxb5 cxb5 28. Qxb5 Bc7 29. h4 Bb8 30. Bb2 h6
31. Qe8+ Qf8 32. Qb5 Kh7 33. Kg2 Qd6 34. f3 f6 35. Qb4 Qxb4 36. cxb4 g5 37. fxg5 hxg5 38. hxg5 fxg5 39. Kh3 Kg6 40. g4 Kf6
41. b5 Ke7 42. Bc1 Kd7 43. Bxg5 e5 44. dxe5 Bxe5 45. f4 Bd6 46. f5 Kc7 47. f6 Kxb7 48. Be3 Kc7 49. g5 Kd7 50. g6 Ke8
51. b6 Kf8 52. Bd4 Kg8 53. b7 Bb8 54. Kg4 Kf8 55. Kf5 Ke8 56. Ke6 Kf8 57. g7+ Kg8 58. f7+ Kh7 59. g8=Q+ Kh6 60. Be3+ Kh5
61. Qg5#
1-0

[Event "tourney for new players"]
[Site "SchemingMind.com"]
[Date "2005.11.27"]
[Round "-"]
[White "sidra"]
[Black "York"]
[Result "1-0"]
[WhiteCountry "HUN"]
[BlackCountry "USA"]
[WhiteElo "1587"]
[WhiteRD "172"]
[BlackElo "1021"]
[BlackRD "122"]
[GameID "31453"]

1. d4 e6 2. Nf3 d5 3. g3 c5 4. dxc5 Bxc5 5. Bg2 Nf6 6. O-O O-O 7. c3 Qc7 8. Nbd2 Nc6 9. b4 Bd6 10. a4 Ne5
11. Re1 Nc4 12. Nxc4 Qxc4 13. Bb2
1-0

[Event "tourney for new players"]
[Site "SchemingMind.com"]
[Date "2005.11.27"]
[Round "-"]
[White "sidra"]
[Black "Mekk"]
[Result "0-1"]
[WhiteCountry "HUN"]
[BlackCountry "POL"]
[WhiteElo "1587"]
[WhiteRD "172"]
[BlackElo "1818"]
[BlackRD "120"]
[GameID "31454"]

1. d4 Nf6 2. Nf3 d5 3. g3 g6 4. Bg2 Bg7 5. O-O O-O 6. c3 b6 7. Re1 c5 8. dxc5 bxc5 9. Nbd2 Bb7 10. Nb3 Qb6
11. Be3 Nbd7 12. Qc2 Rac8 13. Nh4 e6 14. a4 a5 15. Nd2 d4 16. Bf4 Bxg2 17. Nxg2 e5 18. Bg5 h6 19. Bxf6 Nxf6 20. Nc4 Qc7
21. cxd4 cxd4 22. b3 Nd7 23. Rac1 Nb6 24. Qd3 Nd5 25. Qf3 Nc3 26. Rc2 Rb8 27. Rb2 Nxa4 28. Ra2 Nc5 29. Nxa5 Rb5 30. Rc1 Rxa5
31. Rcc2 Rxa2 32. Rxa2 Nxb3 33. h4 Qc4 34. Ra8 Rxa8 35. Qxa8+ Kh7 36. Qe4 Nd2 37. Qd3 Qxd3 38. exd3 f5 39. f4 e4 40. dxe4 fxe4
41. Kf2 Nc4 42. Ke1 Kg8 43. Kd1 d3 44. g4 Kf7 45. f5 gxf5 46. gxf5 Kf6 47. Ke1 Kxf5 48. Kd1 Kg4 49. Ne3+ Nxe3+ 50. Kd2 Nd5
51. h5 Kxh5 52. Kd1 e3 53. Ke1 Bc3+
0-1

[Event "tourney for new players"]
[Site "SchemingMind.com"]
[Date "2005.11.27"]
[Round "-"]
[White "griffimv"]
[Black "sidra"]
[Result "1-0"]
[WhiteCountry "INT"]
[BlackCountry "HUN"]
[WhiteElo "1949"]
[WhiteRD "117"]
[BlackElo "1573"]
[BlackRD "149"]
[GameID "31456"]

1. e4 e5 2. Nf3 d6 3. d4 exd4 4. Nxd4 Nf6 5. Nc3 g6 6. Bg5 Bg7 7. Nd5 O-O 8. Nb5 Nbd7 9. Nbxc7 Rb8 10. Nb5 a6
11. Nxd6 h6 12. Bf4 Ra8 13. c3 Nxd5 14. exd5 Nf6 15. Be2 b5 16. O-O g5 17. Be5 Qe7 18. Qd4 Rd8 19. Nxc8 Raxc8 20. d6 Qe6
21. Rfe1 Rc6 22. Bf3 Rc4 23. Qb6 Qc8 24. Bxf6 Bxf6 25. d7 Qc7 26. Qxf6 Rxd7 27. Re8+
1-0

[Event "tourney for new players"]
[Site "SchemingMind.com"]
[Date "2005.11.27"]
[Round "-"]
[White "gz4bkn"]
[Black "sidra"]
[Result "0-1"]
[WhiteCountry "USA"]
[BlackCountry "HUN"]
[WhiteElo "1327"]
[WhiteRD "126"]
[BlackElo "1573"]
[BlackRD "149"]
[GameID "31457"]

1. e4 e5 2. Nf3 d6 3. Bc4 f6 4. O-O Bg4 5. h3 Bxf3 6. Qxf3 Nc6 7. c3 Nge7 8. Rd1 Ng6 9. d4 exd4 10. cxd4 Be7
11. Nc3 Qd7 12. d5 Nce5 13. Qe2 O-O 14. Nb5 a6 15. Na3 b5 16. Bb3 Kh8 17. Nc2 a5 18. a3 a4 19. Ba2 Rac8 20. b4 axb3
21. Bxb3 c5 22. dxc6 Qxc6 23. Nb4 Qc3 24. Be6 Rb8 25. Bb2 Qc7 26. Na6 Qb7 27. Nxb8 Qxb8 28. Bxe5 fxe5 29. Rd5 Nf4 30. Qxb5 Nxe6
31. Qxb8 Rxb8 32. a4 Nc5 33. f3 g5 34. a5 Ra8 35. Rdd1 h5 36. Ra2 Kg7 37. Rda1 Nb3 38. Rb1 Nxa5 39. Rba1 Bd8 40. g4 hxg4
41. fxg4 Kf6 42. Kf2 Bb6+ 43. Kg3 Ra7 44. Rf1+ Kg6 45. Rh2 Bd8 46. Ra1 Rb7 47. Rd2 Bc7 48. Rd3 Nb3 49. Ra8 Nd4 50. Rh8 Ne2+
51. Kf2 Nf4 52. Rf3 Bb6+ 53. Kg3 Ne2+ 54. Kg2 Nf4+ 55. Kf1 Bc5 56. Rg8+ Rg7 57. Rc8 Rh7 58. Rg8+ Rg7 59. Rb8 Rf7 60. Rbb3 Ra7
61. Ke1 Ra1+ 62. Kd2 Ra2+ 63. Kc3 Ne2+ 64. Kc4 Nd4 65. h4 Nxf3 66. Rxf3 gxh4 67. Rf5 h3 68. Rh5 h2 69. Kd5 Rg2 70. Ke6 Rxg4
71. Rxh2 Rxe4 72. Rg2+ Kh5 73. Kf5 Rf4+ 74. Ke6 e4 75. Kd5 e3 76. Re2 Rf2 77. Rxe3 Bxe3 78. Kxd6 Kg5 79. Ke5 Bf4+ 80. Ke4 Kf6
81. Kd5 Re2 82. Kd4 Ke6 83. Kd3 Re5 84. Kd4 Kd6 85. Kc4 Rd5 86. Kc3 Kc5 87. Kb3 Rd4 88. Kc3 Bd2+ 89. Kb3 Rc4 90. Kb2 Kb4
91. Ka1 Kc3 92. Ka2 Rb4 93. Ka1 Kc2 94. Ka2 Ra4#
0-1

[Event "tourney for new players"]
[Site "SchemingMind.com"]
[Date "2005.11.28"]
[Round "-"]
[White "York"]
[Black "sidra"]
[Result "0-1"]
[WhiteCountry "USA"]
[BlackCountry "HUN"]
[WhiteElo "1021"]
[WhiteRD "122"]
[BlackElo "1587"]
[BlackRD "172"]
[GameID "31458"]

1. d4 d5 2. e3 Nf6 3. Nf3 g6 4. Bd3 Bg7 5. Nbd2 O-O 6. O-O Bg4 7. c3 c6 8. e4 dxe4 9. Nxe4 Nxe4 10. Bxe4 Re8
11. h3 Bxf3
0-1

[Event "tourney for new players"]
[Site "SchemingMind.com"]
[Date "2005.11.27"]
[Round "-"]
[White "Mekk"]
[Black "sidra"]
[Result "1-0"]
[WhiteCountry "POL"]
[BlackCountry "HUN"]
[WhiteElo "1818"]
[WhiteRD "120"]
[BlackElo "1587"]
[BlackRD "172"]
[GameID "31459"]

1. e4 e5 2. Nf3 d6 3. Bc4 Be6 4. Bxe6 fxe6 5. d3 Nf6 6. Bg5 Be7 7. Nc3 O-O 8. Qd2 Nc6 9. O-O-O d5 10. h4 d4
11. Nb1 Bb4 12. c3 dxc3 13. Nxc3 a5 14. a3 Bxc3 15. Qxc3 h6 16. Bd2 Nd4 17. Nxd4 exd4 18. Qc5 b6 19. Qe5 Re8 20. Rh3 Ng4
21. Qf4 Nf6 22. g4 e5 23. Qf5 Nh7 24. g5 Rf8 25. Qxe5 Rxf2 26. gxh6 gxh6 27. Qg3+ Ng5 28. hxg5 Rf8 29. gxh6+ Kf7 30. Rf1+ Ke8
31. Rxf8+ Kxf8 32. Qg7+ Ke8 33. Qe5+ Qe7 34. Qxe7+ Kxe7 35. h7 Rh8 36. Bf4 c5 37. Be5 Rf8 38. h8=Q Rf1+ 39. Kc2 Rf2+ 40. Kb1 Rf1+
41. Ka2 Kd7 42. Rh7+ Kc6 43. Qe8#
1-0